| 000 | 00838cab a2200229 4500 | ||
|---|---|---|---|
| 001 | ABS51293 | ||
| 008 | 090401t1994 xxu||||| |||| 00| 0 eng d | ||
| 035 | _a(Sirsi) u20173 | ||
| 041 | _aeng | ||
| 245 | _aAPC - trial and tribulation? | ||
| 260 | _c1994 | ||
| 350 | _a0 | ||
| 490 |
_aEstates Gazette _v(9433) 20 August 1994, 86-87(2) |
||
| 520 | _aA "Mainly for Students" article which gives suggestions for candidates approaching the Assessment of Professional Competence, highlighting factors concerning preparation, the interview and the written report. | ||
| 650 |
_aAPC _96216 |
||
| 650 | _aPREQUALIFICATION STRUCTURED LEARNING | ||
| 650 | _aPREQUALIFICATION STRUCTURED LEARNING | ||
| 650 | _aRICS RULES OF CONDUCT | ||
| 690 | _aMANAGEMENT-BUSINESS MANAGEMENT-PROFESSIONAL PRACTICE | ||
| 942 | _n0 | ||
| 948 | _c04/03/1997 | ||
| 999 |
_c13519 _d13519 |
||